000 02313cam a22004814i 4500
003 PE-LiUPU
005 20250731173335.0
008 150706s r 000 0 d
020 _a9780802827760
035 _a(Sirsi) i9780802827760
040 _aPE-LiUPU
_bspa
_cPE-LiUPU
_erda
049 _aPRUA
082 0 4 _a221.07
_bNICOT 20b
_221
100 1 _aWaltke, Bruce K.,
_eautor.
245 1 4 _aThe book of Proverbs :
_bchapters 15-31 /
_cBruce K. Waltke.
264 1 _aGrand Raouds, Michigan :
_bWillilam B. Eerdmans,
_c2005.
300 _a589 páginas ;
_c25 centímetros
336 _atext
_2rdacontent
337 _aunmediated
_2rdamedia
338 _avolume
_2rdacarrier
490 0 _aThe New International Commentary on the Old Testament
504 _aIncluye referencias bibliográficas.
505 0 _aCollection IIB: the lord and his king (15:30-22:22) -- Collection III: The thirty sayings of the wise (22:17-24:22) Prologue: saying 1 (22:17-21) -- Section a: a decalogue of sayings about wealth (22:22-23:11) -- Section B: an obedient son (23:12-24:2) -- Section c: Strength in sitress (24:3-12) -- Section D: Prohibition against involvement with the wicked (24:13-22) -- Collection IV: Further sayings of the wise (24:23-34) -- Collection V -- Solomon II (25:1-29:27) -- Superscription (25:1) -- The sayings of agur son of jakeh (30:1-33) -- Main body: seven numerical sayings (30:10-31) -- Conclusion: a warning not to upset the sayings of lemuel (31:1-31).
526 _aSEG42
526 _aSEG41
526 _aSEG40
526 _aSEG39
526 _aP94
526 _aP87
526 _aP86
526 _aP85
526 _aP77
526 _aP76
526 _aP35
541 _g1057695742-4939426;
630 0 4 _aBiblia.
_pA.T.
_pProvervios XV-XXXI
_xComentarios.
910 _bng
_cng
_d20090310
942 _2ddc
_cBOOK
949 _a221.07 NICOT 20B
_wDEWEY
_c1
_i59384
_lCCODEBUL1
_mBUL
_p32.00
_r0
_sY
_tBOOK
_u2015-7-6
_xTEOLOGIA
_zUNKNOWN
_0COMPRA
_o.STAFF. Colección General
994 _aC0
_bPEPRU
596 _a1
999 _a221.07 NICOT 20B
_wDEWEY
_c48974
_i59384
_f2021-11-9
_g5
_lCCODEBUL1
_mBUL
_p32.00
_r0
_sY
_tBOOK
_u2015-7-6
_xTEOLOGIA
_zUNKNOWN
_0COMPRA
_o.STAFF. Colección General
_d48974
980 _81
_gALBERTO SANCHEZ Responsable de Automatización